Elogio del margine /

Ventidue anni fa la prima comparsa in Italia di bell hooks, autrice di riferimento sul tema del razzismo subito dalle donne nere negli Usa. Oggi la sua riscoperta diventa quanto mai necessaria. Nei saggi di Elogio del margine, scopriamo i luoghi in cui si è svolta e si svolge la resistenza delle don...

詳細記述

保存先:
書誌詳細
主要な著者: hooks, bell (著者), Nadotti, Maria (著者)
フォーマット: 図書
言語:イタリア語
出版事項: Napoli : Tamu, 2020
主題:
タグ: タグ追加
タグなし, このレコードへの初めてのタグを付けませんか!

MARC

LEADER 00000nam a22000007i 4500
001 IT\ICCU\UBO\4503702
003 ItRI
005 20260115232213.0
008 210201s2020 it |||||| |||||0|||||c
020 |a 9791280195005 
040 |b ita  |c importazione bologna sebina 
041 7 |a ita  |2 ISO-639-2 
082 |a 305.896073  |9 GRUPPI SOCIALI. GRUPPI RAZZIALI, ETNICI, NAZIONALI. AFROAMERICANI  |2 21 
130 0 |a Scrivere al buio  |3 IT\ICCU\BCT\0064477  |9 Nadotti, Maria 
245 0 0 |a Elogio del margine /  |c Bell hooks ; traduzione e cura di Maria Nadotti. Scrivere al buio / Maria Nadotti intervista bell hooks. 
260 |a Napoli :  |b Tamu,  |c 2020 
300 |a 260 p. ;  |c 19 cm 
500 |a I testi di bell hooks sono tratti da: Yearning: race, gender, and cultural politics e Reel to real: race, class, and sex at the movies. 
520 |a Ventidue anni fa la prima comparsa in Italia di bell hooks, autrice di riferimento sul tema del razzismo subito dalle donne nere negli Usa. Oggi la sua riscoperta diventa quanto mai necessaria. Nei saggi di Elogio del margine, scopriamo i luoghi in cui si è svolta e si svolge la resistenza delle donne afroamericane, a partire dalla casa, scudo di protezione dalla violenza razzista. In Scrivere al buio, dialogo critico e allo stesso tempo intimo con Maria Nadotti, bell hooks mette il suo pensiero alla prova di argomenti ordinari: i rapporti familiari e di coppia, l'istruzione, l'uso del denaro, la pratica della scrittura. Il pensiero femminista deve parlare alle donne di condizione meno agiata, riconoscendo la storia particolare delle donne afroamericane. 
650 7 |a Donne afroamericane  |x Stati Uniti d'America  |2 nsbncf 
700 1 |a hooks, bell  |0 IT\ICCU\MILV\100971  |4 aut 
700 1 |a Nadotti, Maria  |0 IT\ICCU\CFIV\110749  |4 aut 
790 1 |a Bell, Hooks  |3 IT\ICCU\SBNV\086837  |z hooks, bell 
790 1 |a Watkins, Gloria Jean  |3 IT\ICCU\MILV\204208  |z hooks, bell 
790 1 |a Watkins, Gloria  |3 IT\ICCU\CFIV\212834  |z hooks, bell 
942 |2 ddc  |c BK  |n 0 
952 |0 0  |1 0  |4 0  |6 DOC_305_896000000000000_HOO  |7 0  |9 21911  |a BO  |b BO  |d 2026-01-15  |i 19452  |l 0  |o DOC 305.896 HOO  |p BO19452  |r 2026-01-15 23:22:13  |w 2026-01-15  |x [Sebina 5] [1 v.]  |y BK  |z 1 v. 
999 |c 18729  |d 18729